000 02065cam a2200433 a 4500
001 16060058
003 ARRUPE
005 20240208113627.0
008 100119s2010 nyuaf 001 0deng
010 _a 2010001622
020 _a9781602399723 (hardcover : alk. paper)
020 _a1602399727 (hardcover : alk. paper)
035 _a(OCoLC)ocn464580173
040 _aDLC
_cDLC
_dBTCTA
_dYDXCP
_dC#P
_dBWX
_dORX
_dQBX
_dVP@
_dDLC
041 1 _aeng
_hger
043 _ae-gx---
050 0 0 _aDD247.H5
_bD5613 2010
082 0 0 _a943.086092
_aB
_222
100 1 _aDietrich, Otto,
_d1897-1952.
_952403
240 1 0 _a12 Jahre mit Hitler.
_lEnglish
245 1 4 _aThe Hitler I knew :
_bthe memoirs of the Third Reich's press chief /
_cOtto Dietrich ; introduction by Roger Moorhouse.
260 _aNew York, NY :
_bSkyhorse Pub.,
_cc2010.
300 _axiii, 242 p., [8] p. of plates :
_bill. ;
_c22 cm.
500 _aIncludes index.
500 _aTranslated from the German.
504 _aIncludes bibliographical references and index.
505 0 _apt. 1. Hitler as leader of "party, state, and armed forces" -- Character and talent -- From popular leader to gambler with destiny -- Hitler's foreign policy during the war -- Hitler the soldier -- The leader state : chaos in leadership -- The Führer's will and the will of the people -- pt. 2. Scenes from Hitler's life -- Postscript.
600 1 0 _aHitler, Adolf,
_d1889-1945.
_921935
600 1 0 _aHitler, Adolf,
_d1889-1945
_xPsychology.
_952404
600 1 0 _aDietrich, Otto,
_d1897-1952.
_952403
600 1 0 _aHitler, Adolf,
_d1889-1945
_xFriends and associates.
_951992
650 0 _aHeads of state
_zGermany
_vBiography.
_951490
650 0 _aPress secretaries
_zGermany
_vBiography.
_952405
650 0 _aNazis
_vBiography.
_950973
651 0 _aGermany
_xPolitics and government
_y1933-1945.
_952375
906 _a7
_bcbc
_corignew
_d1
_eecip
_f20
_gy-gencatlg
942 _2lcc
_cMONOGRAPH
999 _c131784
_d131784